Ekoinovácie ako významný faktor udržateľnosti MSP v SR diplomová práca

Uložené v:
Podrobná bibliografia
Hlavný autor: Čongvová, Anna
Korporativný autor: Fakulta podnikového manažmentu EU. Katedra podnikovohospodárska
Ďalší autori: Bukovová, Sylvia, 1959-
Médium: Kniha
Jazyk:Slovak
Vydavateľské údaje: Bratislava 2023
Tagy: Pridať tag
Žiadne tagy, Buďte prvý, kto otaguje tento záznam!

MARC

LEADER 00000nbm a2200000 4500
001 0293574
005 20240219145127.0
041 0 |a slo 
044 |a SK 
245 1 0 |a Ekoinovácie ako významný faktor udržateľnosti MSP v SR  |b diplomová práca  |c Anna Čongvová ; školiteľ: Sylvia Bukovová 
264 1 |a Bratislava  |c 2023 
300 |a 84 s. 
100 1 |a Čongvová, Anna 
700 1 |a Bukovová, Sylvia, 1959- 
710 2 |a Fakulta podnikového manažmentu EU. Katedra podnikovohospodárska